| 000 | 00390nam a2200145 i 4500 | ||
|---|---|---|---|
| 001 | bg | ||
| 100 | 1 | _aROMANIUK, Wacław | |
| 245 | 0 |
_aMechanizacja w nowoczesnych oborach / _cW. Romaniuk. |
|
| 250 | _aWyd.2 popr. i uzup. | ||
| 260 |
_aWarszawa : _bPaństwowe Wydaw. Rolnicze i Leśne, _c1985. |
||
| 040 | _cBPK | ||
| 041 | _apol | ||
| 942 | _cKS | ||
| 008 | s pl f |000 0 pol | ||
| 999 |
_c2715 _d2715 |
||
| 856 |
_uhttp://koha.tu.koszalin.pl/cgi-bin/koha/opac-detail.pl?biblionumber=2715 _yKatalog online BPK |
||